Central Library OPAC University of Rajshahi

The structure of turbulent shear flow / (Record no. 67537)

MARC details
000 -LEADER
fixed length control field 00928nam a2200289 a 4500
001 - CONTROL NUMBER
control field 67537
003 - CONTROL NUMBER IDENTIFIER
rucl marc code BD-RjUL
005 - DATE AND TIME OF LATEST TRANSACTION
control field 20211209081652.0
008 - FIXED-LENGTH DATA ELEMENTS--GENERAL INFORMATION
fixed length control field 170325r19761956enka b 001 0 eng
020 ## - INTERNATIONAL STANDARD BOOK NUMBER
International Standard Book Number 052120710X
035 ## - SYSTEM CONTROL NUMBER
System control number (BD-RjUL)67668
040 ## - CATALOGING SOURCE
Original cataloging agency NBS
Transcribing agency NBS
Modifying agency NBS
-- MYG
-- BD-RjUL
Language of cataloging eng
041 ## - LANGUAGE CODE
Language code of text/sound track or separate title eng
082 ## - DEWEY DECIMAL CLASSIFICATION NUMBER
Edition number 23
Classification number 532.0527
Author mark and year TOS 1976
099 ## - LOCAL FREE-TEXT CALL NUMBER (OCLC)
Bangla Class number QA913.T68 1976
100 1# - MAIN ENTRY--PERSONAL NAME
Personal name Townsend, A. A.
Fuller form of name (Albert Alan)
9 (RLIN) 200119
245 14 - TITLE STATEMENT
Title The structure of turbulent shear flow /
Statement of responsibility, etc. by A. A. Townsend.
250 ## - EDITION STATEMENT
Edition statement 2d ed.
260 ## - PUBLICATION, DISTRIBUTION, ETC. (IMPRINT)
Place of publication, distribution, etc. New York :
Name of publisher, distributor, etc. Cambridge University Press,
Date of publication, distribution, etc. c1976.
300 ## - PHYSICAL DESCRIPTION
Pagination xi, 429 p. :
Illustrations ill. ;
Size 22 cm.
490 1# - SERIES STATEMENT
Series statement Cambridge monographs on mechanics and applied mathematics
500 ## - GENERAL NOTE
General note Includes index.
504 ## - BIBLIOGRAPHY, ETC. NOTE
Bibliography, etc Bibliography: p. [413]-424.
650 #0 - SUBJECT ADDED ENTRY--TOPICAL TERM
Topical term or geographic name as entry element Turbulence.
9 (RLIN) 200120
830 #0 - SERIES ADDED ENTRY--UNIFORM TITLE
Uniform title Cambridge monographs on mechanics and applied mathematics.
942 ## - ADDED ENTRY ELEMENTS (KOHA)
Source of classification or shelving scheme Dewey Decimal Classification
Koha item type Books
Holdings
Lost status Source of classification or shelving scheme Damaged status Not for loan Collection code Permanent Location Current Location Shelving location Date acquired Source of acquisition Cost, normal purchase price Total Checkouts Full call number Date last seen Copy number Koha item type
  Dewey Decimal Classification   Not For Loan Non-fiction Central Library, University of Rajshahi Central Library, University of Rajshahi Reading Room 06/03/1980 Heffers. 21.00   532.0527 TOS 1976 25/03/2017 C-1 Books